[Event "Romania blitz online op final"]
[Site "Chess.com INT"]
[Date "2020.05.06"]
[Round "2"]
[White "Tecu, Ion"]
[Black "Codreanu, Alex Cosmin"]
[Result "1-0"]
[WhiteElo "1936"]
[BlackElo "1925"]
[PlyCount "53"]
[EventDate "2020.05.06"]
[EventType "swiss (blitz)"]
[EventRounds "9"]
[EventCountry "ROU"]
[SourceTitle "CBM 196 Extra"]
[Source "ChessBase"]
[SourceDate "2020.07.31"]
[SourceVersion "1"]
[SourceVersionDate "2020.07.31"]
[SourceQuality "1"]

1. e4 c5 2. Nf3 e6 3. d4 cxd4 4. Nxd4 a6 5. Be2 Nf6 6. Qd3 Qc7 7. 0-0 Nc6 8. a3 Be7 9. h3 b5 10. Be3 Bb7 11. Bf3 Ne5 12. Qd2 Nxf3+ 13. gxf3 d5 14. Nc3 dxe4 15. fxe4 Nxe4 16. Nxe4 Bxe4 17. Qe2 Bb7 18. c3 0-0-0 19. a4 bxa4 20. Rxa4 Kb8 21. Rfa1 Rd5 22. Rxa6 e5 23. Nb5 Qd7 24. c4 Rd3 25. Ba7+ Kc8 26. Qxe5 Qxh3 27. Qc7# 1-0

[Event "ROM-chT U16"]
[Site "Iasi"]
[Date "2018.07.17"]
[Round "6.3"]
[White "Codreanu, Alex Cosmin"]
[Black "Vilcu, Matei Stefan"]
[Result "1/2-1/2"]
[WhiteElo "1823"]
[BlackElo "1874"]
[PlyCount "79"]
[EventDate "2018.07.13"]
[EventType "team-swiss"]
[EventRounds "7"]
[EventCountry "ROU"]
[SourceTitle "EXT 2020"]
[Source "ChessBase"]
[SourceDate "2019.10.17"]
[SourceVersion "1"]
[SourceVersionDate "2019.10.17"]
[SourceQuality "1"]
[WhiteTeam "Galati CC"]
[BlackTeam "Targu Mures"]
[WhiteTeamCountry "ROU"]
[BlackTeamCountry "ROU"]

1. d4 g6 2. c4 Bg7 3. Nc3 d6 4. e4 Nf6 5. Bd3 0-0 6. Nge2 e5 7. d5 c5 8. h3 Na6 9. Be3 h6 10. Qd2 Kh7 11. 0-0-0 Nc7 12. f4 exf4 13. Bxf4 a6 14. Rde1 b5 15. Ng3 bxc4 16. Bxc4 Nb5 17. e5 Nd7 18. e6 Ne5 19. Bxe5 Bxe5 20. Nge2 Nxc3 21. bxc3 Rb8 22. Rhf1 f6 23. Bb3 Qa5 24. Qd3 Qa3+ 25. Kd1 a5 26. Nf4 f5 27. Nxg6 Kxg6 28. Rxf5 c4 29. Qe4 Rxf5 30. Rf1 Bxe6 31. dxe6 cxb3 32. Qxf5+ Kg7 33. Qf7+ Kh8 34. e7 Bg7 35. e8Q+ Rxe8 36. Qxe8+ Kh7 37. Qe4+ Kh8 38. Qe8+ Kh7 39. Qe4+ Kh8 40. Qe8+ 1/2-1/2

[Event "ROM-chT U16"]
[Site "Iasi"]
[Date "2018.07.16"]
[Round "4.3"]
[White "Dobrin, Ionut Alexandru"]
[Black "Codreanu, Alex Cosmin"]
[Result "1/2-1/2"]
[WhiteElo "1930"]
[BlackElo "1823"]
[PlyCount "127"]
[EventDate "2018.07.13"]
[EventType "team-swiss"]
[EventRounds "7"]
[EventCountry "ROU"]
[SourceTitle "EXT 2019"]
[Source "ChessBase"]
[SourceDate "2018.10.10"]
[SourceVersion "1"]
[SourceVersionDate "2018.10.10"]
[SourceQuality "1"]
[WhiteTeam "Galati Smart"]
[BlackTeam "Galati CC"]
[WhiteTeamCountry "ROU"]
[BlackTeamCountry "ROU"]

1. d4 e6 2. c4 f5 3. Nc3 Nf6 4. g3 d5 5. Bg2 c6 6. Nf3 Bd6 7. Qb3 Nbd7 8. h4 Ne4 9. cxd5 exd5 10. Nxe4 fxe4 11. Ng5 Nf6 12. Bd2 Qe7 13. Nh3 Bf5 14. Nf4 Qd7 15. 0-0-0 Rc8 16. f3 Qc7 17. g4 Bxf4 18. gxf5 Bxd2+ 19. Rxd2 Qg3 20. Rg1 Qf2 21. Rdd1 Rc7 22. fxe4 Nxe4 23. Bxe4 Qf4+ 24. Rd2 Qxe4 25. Qg3 Kd8 26. Qd6+ Kc8 27. f6 gxf6 28. Qxf6 Re8 29. b4 Qe3 30. Qf5+ Kb8 31. Rgd1 Qc3+ 32. Kb1 Qxb4+ 33. Rb2 Qd6 34. Rf1 Ka8 35. Qh5 Qe7 36. a3 a6 37. Ka2 Rg8 38. Rfb1 Rf8 39. Rb3 Rf4 40. e3 Rxh4 41. Qf5 Re4 42. Qf2 Qe8 43. Qb2 Ree7 44. Qc3 h5 45. Rf1 Rf7 46. Rg1 Rf2+ 47. Rb2 Rf3 48. Re2 Re7 49. Qc5 h4 50. Reg2 Ref7 51. Rg8 Rf8 52. R8g7 R3f7 53. Kb3 Qxe3+ 54. Ka4 Qe6 55. Ka5 h3 56. Qb4 h2 57. Rf1 Qe8 58. Rfxf7 Rxf7 59. Rxf7 Qxf7 60. Qd6 Qe8 61. Qxh2 Qd8+ 62. Ka4 Qb6 63. Qh8+ Ka7 64. Qa8+ 1/2-1/2

[Event "ROM-chT U16"]
[Site "Iasi"]
[Date "2018.07.15"]
[Round "3.3"]
[White "Codreanu, Alex Cosmin"]
[Black "Berechet, Stefan Mario"]
[Result "1-0"]
[WhiteElo "1823"]
[BlackElo "1890"]
[PlyCount "85"]
[EventDate "2018.07.13"]
[EventType "team-swiss"]
[EventRounds "7"]
[EventCountry "ROU"]
[SourceTitle "EXT 2019"]
[Source "ChessBase"]
[SourceDate "2018.10.10"]
[SourceVersion "1"]
[SourceVersionDate "2018.10.10"]
[SourceQuality "1"]
[WhiteTeam "Galati CC"]
[BlackTeam "Buzau Gloria"]
[WhiteTeamCountry "ROU"]
[BlackTeamCountry "ROU"]

1. d4 g6 2. Nf3 Bg7 3. c4 c5 4. d5 f5 5. Qc2 e5 6. dxe6 dxe6 7. Nc3 Nc6 8. e4 Nb4 9. Qe2 Bxc3+ 10. bxc3 fxe4 11. Qxe4 Nf6 12. Qb1 Nc6 13. Bd3 Qc7 14. 0-0 Ne7 15. Bg5 Rf8 16. Re1 Bd7 17. Ne5 0-0-0 18. Qc2 Nc6 19. Bf4 Nh5 20. Nxc6 Qxc6 21. Be5 Qa6 22. Rab1 Bc6 23. Be4 Nf6 24. Bxc6 Qxc6 25. Red1 Ng4 26. Bg3 Rxd1+ 27. Rxd1 Rd8 28. Rxd8+ Kxd8 29. Qd1+ Qd7 30. Qxg4 Qd2 31. h3 Qxc3 32. Qxe6 Qa1+ 33. Kh2 Qxa2 34. Bd6 Qa5 35. Qe7+ Kc8 36. Qe8+ Qd8 37. Qe6+ Qd7 38. Qg8+ Qd8 39. Qxd8+ Kxd8 40. Bxc5 b6 41. Ba3 Kd7 42. Kg3 Ke6 43. Kf4 1-0

[Event "EU-ch U14 27th"]
[Site "Mamaia"]
[Date "2017.09.09"]
[Round "5"]
[White "Codreanu, Alex Cosmin"]
[Black "Dabic, Stjepan"]
[Result "0-1"]
[WhiteElo "1815"]
[BlackElo "2006"]
[PlyCount "110"]
[EventDate "2017.09.05"]
[EventType "swiss"]
[EventRounds "9"]
[EventCountry "ROU"]
[SourceTitle "CBM 180 Extra"]
[Source "ChessBase"]
[SourceDate "2017.10.06"]
[SourceVersion "1"]
[SourceVersionDate "2017.10.06"]
[SourceQuality "1"]

1. e3 d6 2. c4 Nf6 3. b3 g6 4. Bb2 Bg7 5. Nf3 0-0 6. Be2 Nbd7 7. 0-0 b6 8. d3 Bb7 9. Nbd2 a5 10. a3 e5 11. Qc2 Re8 12. b4 h6 13. Rfc1 Re7 14. Bc3 a4 15. Rab1 Ra7 16. b5 Nc5 17. e4 Qe8 18. Rb2 Nfd7 19. Bb4 f5 20. Ne1 Qf7 21. Bf3 Bf6 22. Rd1 Bg5 23. exf5 gxf5 24. Bxb7 Rxb7 25. Nef3 Bf6 26. Bc3 Qg7 27. Re1 Rb8 28. g3 Rbe8 29. Rbb1 h5 30. Kh1 Qg4 31. Re3 Kf8 32. Rbe1 h4 33. gxh4 f4 34. R3e2 Bxh4 35. Rg1 Qh5 36. Nxh4 Qxh4 37. d4 exd4 38. Rxe7 Rxe7 39. Qg6 Qh7 40. Qxh7 Rxh7 41. Bxd4 Ne6 42. Bc3 Ne5 43. Re1 Kf7 44. Kg2 Nd3 45. Rd1 Rh6 46. Ne4 Nec5 47. Nxc5 Nxc5 48. Bb4 Rg6+ 49. Kf3 Ne6 50. h4 Kg7 51. Rh1 Kh6 52. h5 Rg5 53. Re1 Nd4+ 54. Kxf4 Kxh5 55. Re7 Rg4+ 0-1

[Event "ROM-ch U14"]
[Site "Calimanesti Caciulata"]
[Date "2016.04.18"]
[Round "1"]
[White "Codreanu, Alex Cosmin"]
[Black "Cazan, Andrei"]
[Result "1-0"]
[WhiteElo "1744"]
[BlackElo "1175"]
[PlyCount "67"]
[EventDate "2016.04.18"]
[EventType "swiss"]
[EventRounds "9"]
[EventCountry "ROU"]
[SourceTitle "CBM 172 Extra"]
[Source "ChessBase"]
[SourceDate "2016.06.21"]
[SourceVersion "1"]
[SourceVersionDate "2016.06.21"]
[SourceQuality "1"]

1. d4 g6 2. c4 Bg7 3. Nc3 d6 4. Nf3 Nf6 5. e3 b6 6. Be2 Bb7 7. 0-0 0-0 8. a3 Nc6 9. d5 Ne5 10. Qc2 Nxf3+ 11. Bxf3 Qd7 12. h3 c6 13. e4 cxd5 14. exd5 a6 15. Qd3 Rfe8 16. Be3 Qc7 17. Be2 Rac8 18. Rfd1 e6 19. dxe6 Rxe6 20. Nd5 Nxd5 21. cxd5 Ree8 22. Rac1 Qd8 23. Rxc8 Bxc8 24. b3 b5 25. Qd2 Qe7 26. Bf3 Bd7 27. Qa5 Bc8 28. Rc1 Bb7 29. Rc7 Qd8 30. Bb6 Qb8 31. Qb4 Bf8 32. Qf4 Re7 33. Qf6 Bg7 34. Qxe7 1-0

[Event "ROM-ch U12"]
[Site "Calimanesti"]
[Date "2014.04.12"]
[Round "8"]
[White "Codreanu, Alex Cosmin"]
[Black "Kelemen, Norbert1111"]
[Result "0-1"]
[WhiteElo "1685"]
[BlackElo "1558"]
[PlyCount "104"]
[EventDate "2014.04.06"]
[EventType "swiss"]
[EventRounds "9"]
[EventCountry "ROU"]
[SourceTitle "CBM 160 Extra"]
[Source "ChessBase"]
[SourceDate "2014.07.01"]
[SourceVersion "1"]
[SourceVersionDate "2014.07.01"]
[SourceQuality "1"]

1. d4 d5 2. c4 e6 3. Nc3 Nf6 4. cxd5 exd5 5. Bg5 Be7 6. Nf3 0-0 7. e3 c6 8. Bd3 Bg4 9. 0-0 h6 10. Bh4 Nbd7 11. h3 Bh5 12. Rb1 a5 13. Re1 Re8 14. a3 Qc7 15. Rc1 Bd6 16. Nb5 Qb8 17. Nxd6 Qxd6 18. Bg3 Qe7 19. Bh4 Qd6 20. Bxf6 Nxf6 21. Be2 Bxf3 22. Bxf3 Ne4 23. Bxe4 dxe4 24. Qc2 Re6 25. Red1 Qd5 26. Qd2 b6 27. Qc2 Rae8 28. Qc4 Qg5 29. Kh1 Rg6 30. Rg1 Ree6 31. Qe2 Ref6 32. Rcf1 Qh4 33. Kh2 Rf5 34. g3 Qf6 35. Rg2 Rf3 36. h4 h5 37. Rh1 Qe6 38. Qc2 Rgf6 39. Kg1 Qf5 40. Qe2 Qd5 41. Kh2 Qb3 42. Re1 Qd5 43. Qd2 Qf5 44. Kg1 g5 45. hxg5 Qxg5 46. Qe2 b5 47. Rc1 Rg6 48. Qf1 Kf8 49. Rc2 Rh6 50. Rh2 h4 51. Qg2 hxg3 52. Rxh6 Qxh6 0-1

[Event "ROM-ch U12"]
[Site "Calimanesti"]
[Date "2014.04.11"]
[Round "7"]
[White "Ungureanu, Alexandru Daniel"]
[Black "Codreanu, Alex Cosmin"]
[Result "1/2-1/2"]
[WhiteElo "1527"]
[BlackElo "1685"]
[PlyCount "37"]
[EventDate "2014.04.06"]
[EventType "swiss"]
[EventRounds "9"]
[EventCountry "ROU"]
[SourceTitle "CBM 160 Extra"]
[Source "ChessBase"]
[SourceDate "2014.07.01"]
[SourceVersion "1"]
[SourceVersionDate "2014.07.01"]
[SourceQuality "1"]

1. d4 d5 2. e4 dxe4 3. Nc3 e6 4. Nxe4 Be7 5. Nf3 Nf6 6. Bd3 Nbd7 7. Bf4 b6 8. c4 Bb7 9. Nc3 a6 10. 0-0 0-0 11. Re1 Rc8 12. Bc2 Nh5 13. Qd3 g6 14. Bd2 Bf6 15. b4 Bxf3 16. gxf3 Bg5 17. Kh1 Bxd2 18. Qxd2 Qf6 19. Be4 1/2-1/2

[Event "ROM-ch U10"]
[Site "Calimanesti"]
[Date "2013.04.08"]
[Round "9"]
[White "Codreanu, Alex Cosmin"]
[Black "Gavrilescu, David"]
[Result "0-1"]
[WhiteElo "1634"]
[BlackElo "1923"]
[PlyCount "108"]
[EventDate "2013.04.02"]
[EventType "swiss"]
[EventRounds "9"]
[EventCountry "ROU"]
[SourceTitle "CBM 153 Extra"]
[Source "ChessBase"]
[SourceDate "2013.04.22"]
[SourceVersion "1"]
[SourceVersionDate "2013.04.22"]
[SourceQuality "1"]

1. d4 d5 2. c4 e6 3. Nc3 c5 4. cxd5 exd5 5. Nf3 Nc6 6. e3 c4 7. Bd2 Bb4 8. Be2 Nf6 9. Qc2 0-0 10. 0-0 Bxc3 11. Bxc3 b5 12. a3 Ne4 13. Nd2 Bf5 14. Nxe4 Bxe4 15. Qd1 a5 16. f3 Bg6 17. Bd2 Qe7 18. Kh1 b4 19. Qa4 Nxd4 20. exd4 Qxe2 21. Rad1 bxa3 22. bxa3 Qe8 23. Qxe8 Rfxe8 24. Rfe1 Reb8 25. Re5 Rb3 26. Bxa5 Rxa3 27. Bb4 Rb3 28. Be1 c3 29. Bxc3 Rxc3 30. Rxd5 Rac8 31. h3 Rc1 32. Rxc1 Rxc1+ 33. Kh2 Kf8 34. Kg3 Ke7 35. Kf4 Rc6 36. Ra5 Rc3 37. g4 Kd6 38. Ra7 Rd3 39. h4 Rxd4+ 40. Kg3 h5 41. Ra5 Rd5 42. Ra4 Kc5 43. Ra1 Kd4 44. Kf4 Kc3 45. Kg3 Kd2 46. Ra2+ Ke3 47. Ra4 Rd4 48. Ra5 hxg4 49. fxg4 Bd3 50. h5 Be2 51. Rg5 Rxg4+ 52. Rxg4 Bxg4 53. Kxg4 Ke4 54. Kg5 Ke5 0-1